Les conséquences sociales de l'ajustement en Afrique selon les politiques de change.

Tri druhy politiky prispôsobovania sa. Klasický prípad devalvácie v Malgašskej republike. Prispôsobovanie sa bez devalvácie. Sociálne implikácie poklesu reálneho výmenného kurzu s devalváciou a bez nej. Efekty relatívnych cien. Efekt prechodného poklesu príjmu. Efekty inflácie. Výmenný kurz a jeho ú...

Descripción completa

Guardado en:
Detalles Bibliográficos
Autor principal: Guillaumont, P.
Otros Autores: Guillaumont-Jeanneney, S.
Formato: Capítulo de libro
Lenguaje:francés
Materias:
Etiquetas: Agregar Etiqueta
Sin Etiquetas, Sea el primero en etiquetar este registro!

MARC

LEADER 00000naa a2200000 4500
001 r010983
005 20220913125035.4
041 0 |a fre 
044 |a FR 
245 1 0 |a Les conséquences sociales de l'ajustement en Afrique selon les politiques de change.  |c P. Guillaumont, S. Guillaumont-Jeanneney 
520 |a Tri druhy politiky prispôsobovania sa. Klasický prípad devalvácie v Malgašskej republike. Prispôsobovanie sa bez devalvácie. Sociálne implikácie poklesu reálneho výmenného kurzu s devalváciou a bez nej. Efekty relatívnych cien. Efekt prechodného poklesu príjmu. Efekty inflácie. Výmenný kurz a jeho účinky na produktivitu. (Politique africaine 1992, č. 45). 
610 2 0 |a politika hospodárska 
610 2 0 |a Afrika 
610 2 0 |a devalvácia 
610 2 0 |a kurz výmenný 
610 2 0 |a inflácia 
610 2 0 |a ceny 
610 2 0 |a príjmy 
610 2 0 |a produktívnosť 
100 1 |a Guillaumont, P. 
700 1 |a Guillaumont-Jeanneney, S.